000 00496nam a2200169 i 4500
001 28774
003 ES-MaACL
005 20250929063059.0
007 t|
008 030120s1970 sp ||||1| spa d
100 1 _aBarbadillo, Manuel,
_d1891-1986
_925372
245 1 0 _aBaúl literario /
_cManuel Barbadillo.
260 _aJerez de la Frontera :
_b[s.n.,
_c1970] (
_fGráf. Exportador)
300 _a253 p. ;
_c19 cm.
852 _aES-MaACL
_jC-45389
_bR.77345
999 _c28774
_d28774